Financial and economic analysis of development projects
Popis konceptu finančnej a ekonomickej analýzy rozvojových prosjektov. Rozdielne hľadiská, podľa ktorých sú finančná a ekonomická analýza vykonávané. Analýza rozvojových projektov. Prezentácia princípu analýzy nákladov a úžitkov. Porovnanie oboch popisovaných metód.
Na minha lista:
| Autor principal: | |
|---|---|
| Formato: | Capítulo de Livro |
| Idioma: | inglês |
| Assuntos: | |
| Tags: |
Sem tags, seja o primeiro a adicionar uma tag!
|
MARC
| LEADER | 00000naa$a2200000$$$4500 | ||
|---|---|---|---|
| 001 | 0045837 | ||
| 005 | 20231107071428.6 | ||
| 041 | 0 | |a eng | |
| 044 | |a SK | ||
| 245 | 1 | 0 | |a Financial and economic analysis of development projects |c Bartlomiej Rodawski |
| 520 | |a Popis konceptu finančnej a ekonomickej analýzy rozvojových prosjektov. Rozdielne hľadiská, podľa ktorých sú finančná a ekonomická analýza vykonávané. Analýza rozvojových projektov. Prezentácia princípu analýzy nákladov a úžitkov. Porovnanie oboch popisovaných metód. | ||
| 610 | 2 | 0 | |a analýza finančná |
| 610 | 2 | 0 | |a analýza ekonomická |
| 610 | 2 | 0 | |a projekty |
| 610 | 2 | 0 | |a programy rozvojové |
| 610 | 2 | 0 | |a efektívnosť |
| 610 | 2 | 0 | |a náklady |
| 610 | 2 | 0 | |a analýza nákladov |
| 610 | 2 | 0 | |a oceňovanie |
| 100 | 1 | |a Rodawski, Bartlomiej | |